00953nab a2200265uuc4500001000800000005001700008008004100025035001200066035002100078040001300099041000800112100002700120245011100147260001000258650002200268650001700290650005200307700003400359700003100393700003400424700003500458700002800493700003700521773012900558103402520240202082207.0070620s2006 spa  a1034025 a(OCoLC)820187293 ccomduadb aspa10aMoreno, Elio4auteaut10aInvestigaciones sobre la transmision vertical de Trypanosoma cruzi en ratas Wistar cronicamente infectadas c2006. aTrypanosoma cruzi aRatas Wistar aTransmisión vertical de enfermedad infecciosa10aQuintero, Arelis C.4auteaut10aAlarcon, Maritza4auteaut10aLugo de Yarbuh, Ana4auteaut10aMoreno, Stelliana C.4auteaut10aAraujo, Sonia4auteaut10aBorges, Rafael Horacio4auteaut0 tBoletín de Malariología y Salud Ambiental (Maracay)gVol. 46, No. 02, Ago.-Dic. 2006, 149-160w952894x1690-46480369895